000 00641nam a2200277Ia 4500
001 Z_4392
003 CHAP
008 220113s1965 xx 000 0 und d
010 _a167462
040 _cCHAP
082 _a612.39 C35
100 _aChance, Britton ed.
_9141681
245 _aControl of energy metabolism /
_cpor Britton Chance /
_cet al /
_c
260 _aNew York :
_bAcademic Press,
_c1965
300 _a441 p.
440 _a
500 _a
503 _a
650 _aEnergía metabólica I. t.
_9138564
901 _a612.39 C35
902 _aA
910 _a1965
942 _c1
942 _cc1
999 _c167462
_d167462